|
|
|
|
| LEADER |
00000nam0a2200000 4500 |
| 001 |
323835 |
| 005 |
20231102003616.0 |
| 035 |
|
|
|a (RuTPU)RU\TPU\book\349422
|
| 090 |
|
|
|a 323835
|
| 100 |
|
|
|a 20161028d1953 e y0rusy50 ca
|
| 101 |
0 |
|
|a rus
|
| 102 |
|
|
|a RU
|
| 105 |
|
|
|a a z 000zy
|
| 200 |
1 |
|
|a Превращение элементов
|f А. Мешковский
|
| 210 |
|
|
|a Москва
|a Ленинград
|c Детская литература
|d 1953
|
| 215 |
|
|
|a 47 с.
|c ил.
|
| 606 |
1 |
|
|a Ядерная физика, занимательная
|2 stltpush
|3 (RuTPU)RU\TPU\subj\21565
|9 46529
|
| 610 |
1 |
|
|a радиоактивные вещества
|
| 610 |
1 |
|
|a атомы
|
| 610 |
1 |
|
|a атомное ядро
|
| 610 |
1 |
|
|a ускорители частиц
|
| 610 |
1 |
|
|a циклотроны
|
| 610 |
1 |
|
|a камеры
|
| 610 |
1 |
|
|a альфа-частицы
|
| 610 |
1 |
|
|a нейтроны
|
| 610 |
1 |
|
|a протоны
|
| 610 |
1 |
|
|a ядерные реакции
|
| 610 |
1 |
|
|a искусственные элементы
|
| 610 |
1 |
|
|a получение
|
| 610 |
1 |
|
|a ядерные превращения
|
| 610 |
1 |
|
|a деление ядер
|
| 675 |
|
|
|a 539.14
|v 4
|
| 700 |
|
1 |
|a Мешковский
|b А.
|
| 801 |
|
1 |
|a RU
|b 63413507
|c 20161028
|
| 801 |
|
2 |
|a RU
|b 63413507
|c 20200730
|g RCR
|
| 942 |
|
|
|c BK
|